Strength of materials / (Record no. 5551)
[ view plain ]
| 000 -LEADER | |
|---|---|
| fixed length control field | 00444cam a2200169ua 4500 |
| 003 - CONTROL NUMBER IDENTIFIER | |
| control field | OSt |
| 008 - FIXED-LENGTH DATA ELEMENTS--GENERAL INFORMATION | |
| fixed length control field | 250506b |||||||| |||| 00| 0 eng d |
| 020 ## - INTERNATIONAL STANDARD BOOK NUMBER | |
| ISBN | 9788123906577 |
| 082 ## - DEWEY DECIMAL CLASSIFICATION NUMBER | |
| Classification number | 624.17 |
| Item number | BAS/ST |
| 100 ## - MAIN ENTRY--AUTHOR NAME | |
| Personal name | Basavarajaiah, B S . |
| 245 ## - TITLE STATEMENT | |
| Title | Strength of materials / |
| 250 ## - EDITION STATEMENT | |
| Edition statement | 2 / |
| 260 ## - PUBLICATION, DISTRIBUTION, ETC. (IMPRINT) | |
| Place of publication | New Delhi : |
| Name of publisher | C B S Publishers & Distributers , |
| Year of publication | 1995. |
| 300 ## - PHYSICAL DESCRIPTION | |
| Number of Pages | 643 ; . |
| 700 1# - ADDED ENTRY--PERSONAL NAME | |
| Personal name | Mahadevappa, P . |
| 942 ## - ADDED ENTRY ELEMENTS (KOHA) | |
| Koha item type | Books |
| Withdrawn status | Lost status | Damaged status | Home library | Current library | Date acquired | Full call number | Accession Number | Koha item type | Collection code | Shelving location | Source of acquisition | Cost, normal purchase price |
|---|---|---|---|---|---|---|---|---|---|---|---|---|
| KAUAET | KAUAET | 07/04/2012 | 624.17 BAS/ST | 19216 | Books | |||||||
| KAUAET | KAUAET | 30/03/2013 | 624.17 BAS/ST | 23783 | Books | Non-fiction | General Stacks | Minerva Books | 195.00 |
